|
|
|
|
| LEADER |
01340nam a2200253 a 4500 |
| 001 |
GR-MES667 |
| 008 |
991111s1988 gr 000 0 gre d |
| 040 |
|
|
|a GrPaTEI
|b gre
|c GR-PaULI
|
| 245 |
0 |
2 |
|a Η καλλιέργεια της τομάτας στο θερμοκήπιο.
|
| 260 |
|
|
|a Πάτρα :
|b Π. Κούλη,
|c 1988
|
| 300 |
|
|
|a 126 σελ., εικ.
|
| 504 |
|
|
|a Βιβλιογραφία:σελ. (125-126)
|
| 650 |
|
4 |
|a Ασθένειες
|
| 650 |
|
4 |
|a Θερμοκήπιο
|
| 650 |
|
4 |
|a Καλλιέργειες
|
| 650 |
|
4 |
|a Τομάτα
|
| 700 |
1 |
|
|a Κομνάκος, Ιωάννης
|
| 710 |
0 |
|
|a Π. Κούλη
|
| 942 |
|
|
|2 ddc
|
| 952 |
|
|
|0 0
|1 0
|2 ddc
|4 0
|6 641_356000000000000_42_KOM
|7 0
|9 264044
|a MSLG
|b MSLG
|c BSC
|d 2021-01-17
|e 24
|f 0
|g 0.00
|l 0
|o 641.356 42 KOM
|p 2420000004174
|r 2021-01-17 00:00:00
|t 1
|w 2021-01-17
|y BK15
|x 20000929 0 1
|x GrPaTEI
|
| 952 |
|
|
|0 0
|1 0
|2 ddc
|4 0
|6 641_356000000000000_42_ΚΟΜ
|7 0
|9 264045
|a MSLG
|b MSLG
|c BSC
|d 2021-01-17
|e 24
|f 0
|g 0.00
|l 0
|o 641.356 42 ΚΟΜ
|p 2420000004192
|r 2021-01-17 00:00:00
|t 1
|w 2021-01-17
|y BK15
|x 19991111 0 1
|x GrPaTEI
|
| 952 |
|
|
|0 0
|1 0
|2 ddc
|4 0
|6 641_356000000000000_42_ΚΟΜ
|7 0
|9 264046
|a MSLG
|b MSLG
|c BSC
|d 2021-01-17
|e 24
|f 0
|g 0.00
|l 0
|o 641.356 42 ΚΟΜ
|p 2420000004193
|r 2021-01-17 00:00:00
|t 1
|w 2021-01-17
|y BK15
|x 19991111 0 1
|x GrPaTEI
|
| 971 |
|
|
|a .b2571708x
|b 16-04-20
|c 13-09-16
|
| 999 |
|
|
|c 151988
|d 151988
|